[Event "Tel Aviv super 1st"]
[Site "Tel Aviv"]
[Date "1999.05.16"]
[Round "6"]
[White "Smirin, Ilia"]
[Black "Avrukh, Boris"]
[Result "1/2-1/2"]
[WhiteElo "2652"]
[BlackElo "2609"]
[Annotator "Avrukh,B"]
[PlyCount "75"]
[EventDate "1999.05.11"]
[EventType "tourn"]
[EventRounds "9"]
[EventCountry "ISR"]
[EventCategory "14"]
[SourceTitle "CBM 071"]
[Source "ChessBase"]
[SourceDate "1999.08.01"]
[SourceVersion "1"]
[SourceVersionDate "1999.08.01"]
[SourceQuality "1"]

1. c4 g6 2. Nc3 Bg7 3. d4 Nf6 4. e4 d6 5. Nf3 O-O 6. Be2 e5 7. Be3 h6 8. O-O
Ng4 9. Bc1 Nc6 10. d5 Ne7 11. Ne1 h5 {A rare continuation,which has not so
good reputation as more common 11...f5.} 12. h3 Nh6 13. f4 exf4 (13... f5 $6
14. fxe5 $1 dxe5 15. Nf3 Nf7 16. c5 f4 17. Bc4 Kh8 (17... g5 $6 18. d6 $1 $16 {
[%csl Gg5]}) 18. b4 Ng8 19. d6 $1 $16 {1-0 Mozetic,D-Ligterink,G/Tilburg 1993/
CBM 39/[Ftacnik] (40)}) 14. Bxf4 f5 ({Another plan-} 14... f6 {[%csl Ge5][%cal
Gh6f7]} 15. Nd3 (15. Nf3 $142 Nf7 16. Nd4 $14) 15... Nf7 16. Kh1 f5 17. Qd2 Bd7
18. Rae1 fxe4 19. Nxe4 Nf5 $132 {0-1 Kadimova,I-Schmaltz,R/Altensteig 1994/EXT
94 (65)}) 15. Qd2 Nf7 16. Nf3 fxe4 $1 $146 {[%mdl 8] Strong improvement ,which
prove,that this is quite playable for black.} (16... Bd7 17. Ng5 (17. Rae1 $14)
17... Ne5 18. Nb5 {[%csl Ge6][%cal Gb5d4]} fxe4 19. Nd4 Nf5 20. Nde6 Bxe6 21.
Nxe6 Qh4 22. Nxf8 Rxf8 $44 {Gladychev-Cimmerman 1994}) (16... c5 $2 {[%csl Gd6,
Ye6]} 17. Rae1 b5 18. cxb5 fxe4 19. Nxe4 Nf5 20. Bc4 a6 21. bxa6 Bxa6 22. Bxa6
Rxa6 23. Nc3 Rb6 24. Re6 $16 {1-0 Giorgadze,G-Brito,A/Aceimar 1995/EXT 95op2 
(35)}) 17. Nxe4 Nf5 18. g4 {The most principal continuation. Smirin very
quickly developing his piecies in the centre and looks, like white has very
good chances to obtain(i also didn't like my position)clear advantage.} (18.
Bd3 c6 $1 $132 {[%cal Gd8b6]}) (18. Rae1 h4 $1 (18... c6 19. dxc6 bxc6 20. g4
hxg4 21. hxg4 N5h6 $13)) 18... hxg4 19. hxg4 N5h6 (19... Nh4 $2 20. Nfg5 {
[%csl Rh4]} Ne5 21. Bg3 $18) 20. Nfg5 (20. Nh2 Qh4 (20... Qe7 $6 21. Ng5 $1 $36
{[%cal Ga1e1]} (21. Bf3 $140 $2 Nxg4 $1)) (20... Re8 $5) 21. Bg3 Qe7 $1 (21...
Qh3 $2 22. Rf4 $1 {[%csl Rh3][%cal Ge2f1]}) 22. Nc3 Bd7 23. Rae1 Rae8 $11)
20... Qe7 (20... Nxg4 $2 21. Ne6 Bxe6 22. dxe6 Nfe5 23. Bg5 Qe8 24. e7 $16) 21.
Rae1 Bd7 {Black simply developing their piecies and white hasn't something
special.Black always gets good counterplay and white king also doesn't look
very safe in the future.} 22. Bd1 $6 (22. c5 Rae8 $1 (22... dxc5 $140 $2 23.
Bc4 (23. Ne6 Bxe6 24. dxe6 Qxe6 25. Nxc5 Qb6 $17 {[%cal Ga8d8]}) 23... Bd4+ 24.
Kg2 Bxg4 25. d6 Qd7 26. Rh1 {[%cal Gh1h6]} Bh5 (26... Nf5 27. Nh7 {[%cal Gh7f6]
} Qc6 28. Bd5 $3 $18) 27. dxc7 $16) (22... Ne5 23. cxd6 cxd6 24. Ne6 Bxe6 25.
dxe6 Nhxg4 26. Qxd6 Rae8 27. Qxe7 Rxe7 28. Nc3 $1 $16) 23. cxd6 cxd6 24. Ne6 (
24. Bc4 Ne5) 24... Bxe6 25. dxe6 Qxe6 26. Bf3 (26. Nc3 Qc8 $1 $17 {[%cal Gc8c5]
}) (26. Nxd6 Nxd6 27. Qxd6 Qe4 {[%cal Gg7d4]} 28. b3 {[%cal Ge2c4]} Kh7 $36)
26... Qxa2 (26... Ne5 27. Bxe5 Qxe5 28. Nf6+ $1 Qxf6 29. Bd5+ $16) (26... Qd7
$5) 27. Nxd6 Rxe1 28. Rxe1 Qxb2 29. Qxb2 Bxb2 30. Bd5 {[%csl Gg8]} Kh8 31.
Nxf7+ $1 Nxf7 32. Re7 Nd8 33. Bh6 Bd4+ 34. Kg2 Rf2+ 35. Kg3 Rc2 36. g5 Rc3+ 37.
Kf4 Nc6 38. Re8+ Kh7 39. Bg8+ Kh8 $11) 22... Ne5 23. b3 $6 {[%mdl 512]} (23.
Ne6 Bxe6 24. dxe6 (24. Bg5 $2 Rxf1+ 25. Rxf1 Nxc4 $1 26. Qc1 (26. Qb4 Bd4+ 27.
Kg2 Ne3+ 28. Bxe3 Bxd5 $17) 26... Bd4+ 27. Nf2 (27. Kh1 Qh7 $1 {[%csl Rh1]} 28.
Bxh6 Bxd5 $19) (27. Kg2 Ne3+ $1) 27... Bxb2 28. Qxc4 Qxg5 29. dxe6 Be5 30. e7+
Kg7 31. Qxc7 Re8 $17 {[%csl Rg1][%cal Gh6f5]}) 24... Nhxg4 25. Bb3 {[%cal
Gc4c5]} (25. Qd5 Rae8 $17) 25... b6 $1 $17 (25... Rf5 26. c5 dxc5 27. Bg5 $40))
(23. Nf2 $142 Rae8 24. b3 Nhf7 25. Nge4 c6 $132) 23... Nhxg4 24. c5 Rae8 (24...
Nf6 $2 25. cxd6 cxd6 26. Nxd6 $1 $16) (24... dxc5 25. d6 cxd6 26. Nxd6 (26.
Qd5+ Kh8 27. Nxd6 Rxf4 28. Ndf7+ (28. Ngf7+ Kh7 $1) 28... Rxf7 29. Nxf7+ Kh7
30. Bxg4 Bxg4 31. Nxe5 $44) 26... Rxf4 $5 27. Rxf4 Qxg5 28. Rf8+ Rxf8 29. Qxg5
Nf2 $36 {[%cal Gf2h3] Very interesting queen sacrifice,it's difficult to
believe,but here black has quite sufficient compensation.}) 25. cxd6 cxd6 26.
Ne6 Bxe6 27. dxe6 d5 $1 {All black piecies starts to play and Smirin decides
to simplify position and the strong pawn on e6 allows to white to hold
equality.} (27... Qxe6 28. Qxd6 $44) 28. Bxg4 $8 (28. Qxd5 Rd8 29. Qc5 (29. Qb5
Nd3 $19 {[%csl Ge1,Gf4,Rg1]}) 29... Qxe6 $17) 28... dxe4 $1 (28... Nxg4 29. Nd6
Rd8 30. Nxb7 $1 (30. Nf7 $16) 30... Qxb7 31. e7 $16) 29. Bxe5 Qc5+ 30. Kg2 Qxe5
$40 31. Qd7 $2 (31. Qe3 $142 Rxf1 32. Rxf1 Rc8 33. Qf4 $1 Rc2+ 34. Kh1 $11)
31... Bf6 $8 32. Qxb7 e3 $2 $138 (32... Rd8 $1 {[%csl Rg2][%cal Gd8d2][%mdl
128]} 33. Re2 (33. Qxe4 $2 Rd2+ $19) 33... Bh4 $1 {[%cal Ge5g3]} (33... Qg5 34.
Qxe4 (34. Rxe4 $2 Rd2+ $19) 34... Rd4 35. e7 Re8 36. Qe6+ Kg7 37. Re4 Rd2+ {
[%cal Ge8e7]} (37... Rxe7 $2 38. Qxe7+ $1) 38. Rf2 Rxe7 39. Qxf6+ Qxf6 40.
Rxe7+ Qxe7 41. Rxd2 $17) 34. Rg1 (34. Rxf8+ Rxf8 $19) 34... Bf2 35. Rxf2 Rxf2+
36. Kxf2 Qf4+ {and black wins easily}) 33. Re2 $11 Re7 34. Qf3 Rh7 35. Qg3
Qxg3+ (35... Qd5+ 36. Qf3 $11) 36. Kxg3 Be5+ (36... Bh4+ 37. Kg2 Bf2 38. Rd1 {
[%cal Gd1d7]}) 37. Kg2 Rh2+ 38. Kg1 1/2-1/2

[Event "Hoogovens"]
[Site "Wijk aan Zee"]
[Date "1985.01.19"]
[Round "2"]
[White "Beliavsky, Alexander G"]
[Black "Nunn, John DM"]
[Result "0-1"]
[WhiteElo "2635"]
[BlackElo "2615"]
[Annotator "ChessBase"]
[PlyCount "54"]
[EventDate "1985.01.18"]
[EventType "tourn"]
[EventRounds "13"]
[EventCountry "NED"]
[EventCategory "13"]
[SourceTitle "100 Jahre Schach"]
[Source "ChessBase"]
[SourceDate "2000.04.19"]
[SourceVersion "1"]
[SourceVersionDate "2000.04.19"]
[SourceQuality "1"]

{[%mdl 128] Am Ende teilten John Nunn und Alexander Beliavsky beim
Traditionsturnier in Wijk aan Zee einträglich den 2. Platz (hinter Timman),
doch in der Partie untereinander ging es recht blutdürstig zu.} 1. d4 Nf6 2. c4
g6 3. Nc3 Bg7 4. e4 d6 5. f3 O-O 6. Be3 Nbd7 {Das gilt nicht unbedingt als der
Superzug. Vielmehr werden das klassische 6...e5, das hochmoderne 6...c5 und
das aggressive 6...Nc6 bevorzugt.} 7. Qd2 (7. Nh3 $5) (7. Bd3 $5) 7... c5 8. d5
Ne5 9. h3 $6 {Weiß strebt nach dem Maximum: Kontrolle des Feldes g4 und
Vertreibung des Ne5 mittels f3-f4. Freilich wird sich dieses Ziel nie
erreichen lassen.} ({Heute wird} 9. Bg5 {bevorzugt, aber die Resultate sind
ebenfalls nicht berauschend für Weiß.}) 9... Nh5 $1 10. Bf2 (10. f4 Ng3 $17) (
10. Qf2 e6 11. f4 Bf6 $1 {Nunn}) 10... f5 11. exf5 Rxf5 $3 $17 {[%mdl 512]} (
11... gxf5 12. f4 $16) 12. g4 Rxf3 13. gxh5 Qf8 14. Ne4 (14. Rd1 $142) 14...
Bh6 (14... Qf5 $145 $1 $19) 15. Qc2 $2 ({Von Nunn, Burgess und Emms wird diese
Variante angegeben:} 15. Qe2 $1 Nd3+ 16. Qxd3 Rxd3 17. Bxd3 Qf4 18. Rd1 Bf5 19.
Ne2 Qf3 20. N2g3 Be3 (20... Rf8 $145 $1 $17) 21. Rf1 Bxe4 22. Nxe4 Bxf2+ 23.
Rxf2 Qxh5 $11) 15... Qf4 $1 $17 {Mit der Absicht zur Figur noch eine Qualität
zu opfern.} (15... Be3 $145 $1 $19) 16. Ne2 (16. Nxf3 Nxf3+ 17. Kd1 Bf5 18. Bg3
Qe3 19. Bf2 (19. Qd3 $145 $1 $13) 19... Qxe4 20. Qxe4 Bxe4 21. Bg2 Rf8 (21...
Bg7 22. Re1 $1) 22. hxg6 hxg6 23. Bh4 Rf7 {und Weiß steht vor einer schweren
Verteidigung.}) 16... Rxf2 $1 17. Nxf2 Nf3+ 18. Kd1 Qh4 $1 19. Nd3 Bf5 20. Nec1
$6 ({Von Nunn, Burgess und Emms wird} 20. Qc3 {angegeben. Es gibt zunächst
eine ziemlich forcierte Zugfolge:} Bg7 21. Qb3 Bxd3 22. Qxd3 Qe1+ 23. Kc2 Qxa1
24. Qxf3 Qxb2+ 25. Kd1 Qa1+ 26. Nc1 Bh6 27. Qa3 b5 $5 {kommt jedoch stark in
Frage.} (27... Rf8 28. Be2 Rf2 (28... b5) 29. Re1 Rh2 30. Kc2 Bxc1 31. Qxc1
Qxa2+ 32. Kd1 $11 {Soweit Nunn, Burgess und Emms (gekürzt).}) {Die bessere
Verteidigung ist} 28. Kc2 $1 {Schwarz hat zwei verheißungsvolle Varianten:} (
28. cxb5 $2 c4 $1 29. hxg6 (29. Kc2 Qd4) (29. Bxc4 Rc8) 29... hxg6 30. Rh2 Rf8
31. Bxc4 Qd4+ $19 {[%cal Yd4g1]}) 28... Qe5 (28... Rf8 29. hxg6 Rf2+ (29...
hxg6 {geht auch}) 30. Be2 Bxc1 31. Rxc1 Rxe2+ 32. Kd1 Qe5 33. gxh7+ Kh8 34. Qf3
Re1+ 35. Kd2 Rxc1 36. Kxc1 $17) 29. Rg1 $1 Qd4 30. Rg4 Qf2+ 31. Be2 Bxc1 32.
Qd3 bxc4 33. Rxc4 Bf4 34. hxg6 h6 $17) 20... Nd2 $1 $19 21. hxg6 hxg6 22. Bg2 (
22. Qc3 Be4 23. Rg1 Nxc4 24. Nf4 Qf2 25. Qxc4 Qxg1 26. Ne6 Bg2 27. Ke1 Be3 28.
Qe2 Bxd5 $19) 22... Nxc4 23. Qf2 Ne3+ 24. Ke2 Qc4 25. Bf3 Rf8 26. Rg1 Nc2 27.
Kd1 Bxd3 {Quelle: "The World's Greatest Chess Games" von Burgess, Nunn und
Emms, Robinson London 1998} 0-1

[Event "Tel Aviv super 1st"]
[Site "Tel Aviv"]
[Date "1999.05.11"]
[Round "1"]
[White "Alterman, Boris"]
[Black "Smirin, Ilia"]
[Result "1/2-1/2"]
[WhiteElo "2615"]
[BlackElo "2650"]
[Annotator "Alterman,B"]
[PlyCount "80"]
[EventDate "1999.05.11"]
[EventType "tourn"]
[EventRounds "9"]
[EventCountry "ISR"]
[EventCategory "14"]
[SourceTitle "CBM 071"]
[Source "ChessBase"]
[SourceDate "1999.08.01"]
[SourceVersion "1"]
[SourceVersionDate "1999.08.01"]
[SourceQuality "1"]

1. d4 {Smirin. Hansen,Cu} d6 2. c4 Nf6 3. Nc3 g6 4. e4 Bg7 5. h3 O-O 6. Bg5
Nbd7 7. Nf3 e5 8. d5 a5 9. Nd2 h6 {Hansen,Cu: 'Strategically this is a very
interesting moment in the game. There are a lot of questions which to my
knowledge is still unanswered - but then I am not a regular Kings Indian
Player. First of all the opinion about the move h7-h6 is divided. Kingsindian
players always dream about being able to play Bg7-h6 at some stage, which is
now unlikely to happen. And then there is the weakness of the square g6. This
might seem irrelevant but as black very much wants to play f7-f5 it actually
is of some importance.   If black wants to play h7-h6 there is the important
question of moveorder. It seems to me he should play all the usual moves first
- like 9. - Nc5 10.Be2 c6 and now white has to play 11.b3 if he wants to do
something on the Q-side(play b2-b4 eventually) as 11.a3 a4 is bad. If black
had played 9.. h6 10.Be3 Nc5 11.Be2 c6 white could play 12.a3 imidieately as
12..a4 13.Bxc5 dxc5 14.Nxa4 is a reasonably safe P to take. '} 10. Be3 Nh7 (
10... Nc5 {Hansen,Cu: and white has the important extra options of:} 11. a3 $5
(11. Be2 $5)) 11. g4 Nc5 12. Rg1 {Hansen,Cu: 'This move is often played, but I
am not sure whether it is such a good idea before black has played f7-f5.
There has been a few games with:'} (12. h4 f5 13. gxf5 gxf5 14. exf5 Bxf5 15.
Qh5 Qe8 16. Qxe8 Raxe8 17. Nb3 $14 {Grivas,E-Kummerow,H/Dortmund}) (12. Be2 {
Hansen,Cu: White could now consider to play h3-h4-h5 if black plays b7-b6 like
in the game since the R is still on h1.} f5 {and now white has two
possibilities} (12... c6 $6 {Black has no time to wait with f7-f5 like in the
game as:} 13. h4 f5 $2 14. h5 $16 {is strong}) 13. gxf5 (13. exf5 gxf5 14. Rg1
Kh8) 13... gxf5 14. Rg1 Kh8 15. Qc2 {in both cases white will try to control
e4, by playing e4xf5 at the right time. The weakness of the g6 square is of
some importance}) 12... Kh8 13. Qc2 (13. Qf3 f5 $6 14. gxf5 gxf5 15. O-O-O f4
16. Bxc5 dxc5 17. Qh5 $16 {Shabalov,A-Stanec,N/Oberwart 1992}) 13... b6 $146 {
Hansen,Cu: 'An intesting concept. White cannot play the usual h3-h4 after 12.
Rg1 and so black has time to prepare the advance f7-f5. I think f7-f5 could
have prepared in a even more dynamic and better way by:' Smirin: 'strenthening
the queenside. In case of a capture of the knight, black will withdraw by the
b-pawn, certainly.'} (13... f5 14. gxf5 gxf5 15. Bxc5 dxc5 16. exf5 e4 $1 $44 {
Spacek,P-Karnik,P/Pardubice 1992} (16... Bxf5 {Smirin} 17. Bd3 $16)) (13... Bd7
$5 {[%cal Yc7c6,Ya5a4] Hansen,Cu: with the idea of playing a5-a4 and maybe
c7-c6 before f7-f5}) 14. O-O-O Bd7 15. Be2 Ng5 {'!?' Smirin. Smirin: 'this
move provokes h3-h4 what allows black to transfer the knight to-f4.'} 16. Rh1 (
16. h4 $2 {Hansen,Cu:} Nh3 17. Rh1 Nf4 $15) 16... f5 {Hansen,Cu: 'The only
logical move. White was ready for h3-h4-h5'} 17. exf5 (17. h4 {Smirin} Nh7 18.
h5 f4 19. Bxc5 bxc5 20. hxg6 Ng5 21. Nf3 Bxg4 22. Nxg5 Qxg5 23. Bxg4 Qxg4 (
23... f3+ $2 24. Qd2 Qxg4 25. Rxh6+ $1) 24. Rdg1 $14) 17... gxf5 18. h4 {
Smirin: 'Finally white had removed this annoying knight from g5!'} Nh7 19. g5 {
[%mdl 52]} (19. Rhg1 $5 e4 $1 $132) 19... a4 {Hansen,Cu: 'I think white was
now worried about e5-e4 in connection with a4-a3 opening up the /^h8-a1'} 20.
a3 Qe7 {Hansen,Cu: 'Black has been able to achieve a dynamic P-structure in
the center. However his Q-side is somewhat stale after b7-b6 and that is why
he cannot rearly build up an initiative'} (20... e4 {Hansen,Cu} 21. f4) 21. f4
{'!' Smirin.} (21. gxh6 Bf6) 21... exf4 (21... e4 $2 {Smirin} 22. Nf1 $16 {
[%cal Gf1g3,Gg3h5]}) 22. Bxf4 Be5 {'!' Smirin. Smirin: 'Black doesn't care
about-h6,and it is correct.'} 23. Rdf1 $5 {[%mdl 512] Smirin: 'White
sacrifices pawn with this move,but misses a way to advantage.'} (23. Be3 $5 f4
24. Bxc5 bxc5 25. Bd3 $36 (25. Nf3 {[%csl Rh7][%cal Ge2d3] Smirin: Nh7 is in
troubles.})) 23... Bxf4 24. Rxf4 hxg5 (24... Qe3 {Smirin} 25. Rf3 Nb3+ 26. Kd1)
25. hxg5 Qxg5 {Hansen,Cu: 'Black realises that white would be able to play
Nd2-f3-d4 eventually and decides he might as well take a P instead of just
waiting for the enemy to improve his postion'} 26. Rfh4 $44 {[#] White's
compensation for the pawn is obvious - lasting pressure against black's
kingside greater space, and even a bit of latent initiative on the h-line. 
Smirin: 'White has got a strong pressure on h-file in compensation for
sacrificed pawn.'} Rf7 (26... Nb3+ $5 27. Kd1 $14 Rf7 28. Nxb3 axb3 29. Qxb3 (
29. Qd3 $5 $40)) 27. Kb1 Rg7 (27... Re8 28. Nf3 (28. Bh5 $140 {Smirin} Re1+ $1)
28... Qf6 (28... Qe3) 29. Rh6 Qd8 30. Nh4 $16) 28. Nf3 Qe3 29. Bd1 $1 (29. Nd4
{Hansen,Cu: In that case I think whites control over the squares f5,e6 and c6
would more than outweigh the P-deficit. However black can change one R with}
Rg1+) (29. Ka2 $1 {[%csl Gd4][%cal Yf3d4,Yd4f5,Yd4e6,Yd4c6] Hansen,Cu: with
the idea Nf3-d4}) 29... Re8 (29... Qd3 $4 {Smirin} 30. Qxd3 Nxd3 31. Ng5 $18 {
[%cal Gh4h7,Yh7d7]}) 30. Re1 $2 {[%mdl 64]} (30. Qh2 Ree7 $13) (30. Nb5 $1 {
[%cal Rb5c7,Gc7e6]} Bxb5 (30... Bc8 31. Re1) (30... Rc8 31. Nbd4 Rf8 32. Qh2
Rff7 33. Re1 Qd3+ 34. Bc2 Qxc4 35. Nxf5 $18) 31. Qxf5 Qd3+ 32. Qxd3 Nxd3 33.
cxb5 (33. Ng5 Ree7 34. Nxh7 Rxh7 35. cxb5 Nc5) 33... Nf2 34. Rf1 Nxd1 35. Rxd1
$16) 30... Qd3 31. Rxe8+ Bxe8 32. Qxd3 Nxd3 33. Nxa4 $11 (33. Bxa4 {Smirin}
Bxa4 34. Nxa4 Rg2 $15 {[%csl Ra4,Rb2]}) 33... Rg2 34. Bc2 Rg3 35. Bxd3 Rxf3 36.
Be2 Rg3 37. Nc3 {'=' Smirin.} Kg7 38. Kc2 Nf6 39. Kd2 Bg6 40. a4 Ne4+ (40...
Ne4+ {Smirin} 41. Nxe4 fxe4 42. Rf4 e3+ 43. Kd1 $11) 1/2-1/2

[Event "WchT 9th"]
[Site "Antalya"]
[Date "2013.11.29"]
[Round "4.2"]
[White "Movsesian, Sergei"]
[Black "Ding, Liren"]
[Result "0-1"]
[WhiteElo "2700"]
[BlackElo "2711"]
[Annotator "Krasenkow,M"]
[PlyCount "88"]
[EventDate "2013.11.26"]
[EventType "team-tourn"]
[EventRounds "9"]
[EventCountry "TUR"]
[SourceTitle "CBM 158"]
[Source "ChessBase"]
[SourceDate "2014.01.16"]
[SourceVersion "1"]
[SourceVersionDate "2014.01.16"]
[SourceQuality "1"]
[WhiteTeam "Armenia"]
[BlackTeam "China"]
[WhiteTeamCountry "ARM"]
[BlackTeamCountry "CHN"]

1. c4 g6 2. d4 Nf6 3. Nc3 Bg7 4. e4 d6 5. h3 O-O 6. Bg5 c5 7. d5 e6 {A logical
reaction to White's move order.} 8. Bd3 exd5 9. exd5 Nbd7 10. Nf3 Re8+ 11. Kf1
Ne5 {This move is usually played after} (11... a6 12. a4 {but GM Ding Liren
has a new idea in mind.}) (11... h6 12. Bf4 Ne5 13. Nxe5 dxe5 14. Be3 b6 15.
Qd2 h5 {1/2 (72) Suba,M (2430)-Nunn,J (2435) Dubai 1986} 16. Rd1 $14 {[%cal
Yf2f3,Yc3e4]}) 12. Nxe5 Rxe5 13. Qd2 (13. Bf4 Re8 14. g4 a6 (14... h5 $5) 15.
a4 b6 16. f3 Ra7 17. h4 h5 18. g5 Nd7 19. Bxd6 Ne5 20. Bxe5 Bxe5 $44 {1/2 (30)
Suba,M (2535)-Oll,L (2365) Tallinn 1983}) 13... b5 $1 $146 {[%mdl 552] A
typical pawn sacrifice in an unusual situation.} (13... Qf8 14. g4 Bd7 15. Kg2
a6 16. a4 h5 17. f4 (17. f3 $5 $16) 17... Ree8 18. f5 hxg4 19. hxg4 Nxg4 20.
fxg6 f6 21. Raf1 $36 {1-0 (44) Mikhalevski,A (2460)-Tischendorf,M (2200)
Berlin 1996}) 14. Nxb5 (14. cxb5 Bb7 {[%csl Rd5]}) 14... Ne4 15. Bxe4 Rxg5 $44
{Black's bishop pair and domination on the dark squares compensate for his
material deficit.} 16. f4 $6 {An unnecessary weakening move.} (16. g3 Re5 $44)
16... Rg3 17. Qf2 Qh4 18. Rd1 (18. Re1 a6 (18... Bh6 19. Nxd6 Bxf4 20. Nxc8
Rxc8 21. Bf3 Bd6 $44) 19. Re3 axb5 20. Qxg3 Qf6 $36) 18... Bh6 19. Nc3 (19.
Nxd6 Bxf4 20. Nxc8 Be3 $1 21. Ne7+ Kf8 22. Qc2 Qxe7 23. Bf3 Qf6 $17 {[%csl Ge3]
}) 19... Bxf4 20. Ne2 Bg4 (20... Be5 21. Nxg3 Bxg3 $17 {was also good: despite
White's extra exchange, his h1-rook is out of play.}) 21. Bf3 Bf5 (21... Be5 $5
22. Bxg4 (22. Nxg3 Bxg3 23. Qe3 Bd7 {[%cal Ya8e8]}) 22... Rxg4 23. Qxh4 Rxh4
$17) 22. Nxf4 Qxf4 23. Be4 $5 {This tactical trick partially turns off Black's
pressure but not for long.} (23. Kg1 $5 Re8 24. Bg4 Qxf2+ 25. Kxf2 Bxg4 26.
Kxg3 Bxd1 27. Rxd1 Re2 $17) 23... Qg5 24. h4 ({After} 24. Bxf5 gxf5 25. Kg1 f4
26. Kh2 Kh8 27. Rhg1 Rg8 {[%cal Yg8g6,Yg6h6,Yg5h4] White has no sufficient
defence either.}) 24... Qg4 25. Bf3 Qxc4+ 26. Kg1 Qf4 27. Be4 Qxf2+ 28. Kxf2
Rg4 29. Bxf5 Rf4+ 30. Kg3 Rxf5 {, and Black easily converted his extra pawn:}
31. Rhe1 Rb8 32. Rd2 Kf8 33. Re3 a5 34. Ra3 Rb5 35. Ra4 h5 36. b3 Kg7 37. Kh3
Kf6 38. g3 Ke5 39. Kg2 f6 40. Ra3 Ke4 41. Rd1 (41. Ra4+ Rb4 42. Rxa5 Rd4) 41...
g5 42. Ra4+ Ke5 43. Ra3 g4 44. b4 Rxb4 0-1